000 00543nam a2200145 a 4500
008 121123s1956 ||||||||||||||||| || u
050 _aB 381.A5 Pla
100 _aTaylor, A. E
245 1 0 _aPlato: Philebus and Epinomis
_cTranslated and introduced by A. E. Taylor
260 _aLondon:
_bThomas Nelson and Sons
_c1956
300 _avi, 271p.
650 _aPLEASURE
650 _aPHILOSOPHY
995 _aSPECIAL COLLECTIONS
_e500375
_FCBU-DAG HAMMARSKJOLD INSTITUTE LIBRARY
_jDAG B 381.A5 Pla
_M1
_UAVAILABLE
_WDec 17, 2012
_y500375
_ZDHIPS Book Collection
999 _c418
_d418